Регионална библиотека "Любен Каравелов" - Русе

Искусство Палеха (Запис номер 149431)

MARC детайли
000 -Лидер
Контролно поле с фиксирана дължина 01485nam a2200325 c 4500
003 - Код на организацията, давaща контролен номер
Контролно поле BLK
005 - Дата и час на последна редакция
Контролно поле 20180420233759.0
008 - Елементи от данни с фиксирана дължина
fixed length control field 180410b bul|||||r ||||||| ||bul||
010 ## - Наследен системен номер
LC control number KNG00155688000
040 ## - Източник на каталожния запис
Идентификатор на билиотеката - собственик на записа BLK
041 ## - Код за език
Код за езика на текст/звукозапис или на отделно заглавие Руски
Код за езика КДБФ Руски
080 ## - УДК
Текстов определител УДК Художествена обработка на дърво - Обгаряне (пирография), мозайка (интарзия), стругуване, резбарство, лакиране (Палех, Холуй, Жостово, Мстера, Федоскин
УДК код - определител по УДК 745.51
УДК определител (470)
УДК - код + определител 745.51(470)
100 1# - Редна дума - Автор
Автор Некрасова, Мария Александровна
Авторска отговорност първи автор
R(LIN) 314032
139 ## - Редно поле
Редна дума Некрасова, Мария Александровна
Авторски знак Некр - Н 51
245 10 - Сведения за заглавието
Заглавие Искусство Палеха
Редно поле (дума) Мария Александровна Некрасова.
257 ## - Страна на издаване
Страна на създаване/издаване СССР
260 ## - Област на издателските данни
-- Москва
Име на издателя, разпространителя и проч. Сов. художник
Година на издаване 1966
300 ## - Физическа характеристика
Страници 332 с.
Илюстрации и др. с илл.
Размери/Мащаб 27 см
380 ## - Жанр
Жанр Изкуство
500 ## - Общи забележки
Забележка 10 000 тир. - Бел. към текста. - Списък на ил.
650 #4 - Допълнително описание по предмет – тема
Основно описание – тема или топоним Художествена обработка на дърво
9 (RLIN) 314029
651 #4 - Допълнително описание по предмет - топоним
Географско понятие Русия
9 (RLIN) 179465
653 ## - Ключова дума – ненормативна
Ключова дума Палех
653 ## - Ключова дума – ненормативна
Ключова дума лакови миниатюри
852 ## - Местоположение
Форматна сигнатура Цб ІІ 3141
856 4# - Електронен адрес и достъп
Електронен формат pdf - файл
Път до файла /url/
856 4# - Електронен адрес и достъп
Електронен формат pdf - файл
Път до файла /url/
942 ## - АРТИКУЛИ
Вид на библиотечния материал Книги
Скрит в OPAC Не
944 ## - СЪЗДАВАНЕ И РЕДАКЦИЯ на ЗАПИСА
Създаване/Редакция Създаване
Дата на регистрацията/редакция 16.01.2014
Статус, дата на статуса 16.01.2014 - от С1,Р / 16.01.2014
Служител, извършил регистрацията/редакцията Камелия_Данева
944 ## - СЪЗДАВАНЕ И РЕДАКЦИЯ на ЗАПИСА
Създаване/Редакция Редакция
Дата на регистрацията/редакция 16.01.2014
Статус, дата на статуса 16.01.2014 - от С1,Р / 16.01.2014
Служител, извършил регистрацията/редакцията
999 ## - СИСТЕМНИ КОНТРОЛНИ НОМЕРА
Koha biblionumber 149431
Koha biblioitemnumber 149431
Наличности
Код за отписване Код за изгубен артикул Източник на класификационната схема Код за повреда Коз за рестрикции Код за отдаване Артикулен № Име на библиотеката - собственик Име на библиотеката, в която се намира в момента Статус (Текущо местоположение) Дата на вписване в системата Местоположение - отдел Цена в лева Инвентарен номер Систематично азбучна сигнатура Баркод Номер на екземпляра Цена в евро Служебна бележка Служебен тип на артикула
  Не е изгубен Universal Decimal Classification Не е повреден без рестрикции заемане за дома 249522 Регионална библиотека "Любен Каравелов" Русе Регионална библиотека "Любен Каравелов" Русе Отдел Изкуство - подръчен фонд 1966-01-01 Отдел Изкуство - подръчен фонд 3.15 15253/67 745.51/Н 51 900000003032 1 1.61 Дост: Pk Вид: Ф N: стар фонд Дата: 01.01.1966 Дата инв: 12.02.2015 Бележки инв: ИП2015 Книги
Vip Innovations Ltd, Rousse, Bulgaria 2025